Normal view
MARC view
- Brind, Mike
Entry Personal Name
001 - CONTROL NUMBER
- control field: 327632
003 - CONTROL NUMBER IDENTIFIER
- control field: KE-NaSUL
005 - DATE AND TIME OF LATEST TRANSACTION
- control field: 20250829092800.0
008 - FIXED-LENGTH DATA ELEMENTS
- fixed length control field: 250829|| aca||aabn | a|a d
040 ## - CATALOGING SOURCE
- Original cataloging agency: KE-NaSUL
- Transcribing agency: KE-NaSUL
100 ## - HEADING--PERSONAL NAME
- Personal name: Brind, Mike
670 ## - SOURCE DATA FOUND
- Source citation: Work cat.: (KE-NaSUL)279387: Brind, Mike., Beginning asp.net web pages with webmatrix, c2011.